Statistics for Michael Jackson Lyrics # 2

Click here to take the quiz!

General Stats

  • This quiz has been taken 162 times
    (153 since last reset)
  • The average score is 6 of 15

Answer Stats

Answer% Correct
They Don't Really Care {About Us}
90%
My Life Will Never Be The {Same}
87%
It Was {Blood On The} Dance Floor
77%
Don't Wanna See No Blood, Don't Be A {Macho Man}
65%
We Were Together Most Of The {Time}
60%
Don't Point Your {Finger}
57%
But I'm Only {Human}
40%
When She Says Hello To The {World}
31%
To Low To Get {Under}
26%
Loving You Will Be So {Right}
16%
I Got Rhythm And A Whole Lot Of {Soul}
8%
You Can Sing Your {Melody}
7%
'cause {Al Capone} Said It
4%
I Chase You Every Step Of The Way {Yeah Yeah}
4%
You Seem To Turn {Everywhere}
3%

Score Distribution

Percentile by Number Answered

Percent of People with Each Score

Your Score History

You have not taken this quiz since the last reset